000 03873nab a2200385 i 4500
003 BR-BrBNA
005 20250610215327.0
008 250610b2023 bl.mr|pooa||| 00| 0 eng |
040 _aBR-BrBNA
_beng
072 _aF06
_b0810
072 _aF60
100 _aPereira, Francisco H. F.
100 _aSantos, Gisele L. dos
100 _aLacerda, Francisco H. D. de
100 _aSousa, Diogenes D. A. de
100 _aSousa, Valéria F. de O.
100 _aFernandes, Joyce E. de M.
100 _aSilva, Silvana F. da
100 _aBarboza, Jonathan B.
245 _aUse of hydrogen peroxide in acclimatization of melon to salinity of irrigation water
500 _aPublicação on-line; 25 ref.; 2 illus; 2 tables; Sumaries (En, Pt)
520 _a ABSTRACT: In the semi-arid region of northeastern Brazil, soil and climate conditions can increase the risk of soil salinization, particularly when poor-quality water is used for irrigation. Therefore, techniques that improve the yields of melon culture under adverse conditions, such as salinity, are of great relevance to the production sector. The objective of this study was to evaluate the effectiveness of hydrogen peroxide (H2 O2) in acclimatizing melon trees subjected to irrigation water with different salinity levels. The treatments consisted of irrigation water with two electrical conductivities (0.3 and 5.0 dS m-1) and four concentrations of H2 O2 (0, 5, 10, and 15 µmol L-1). The experimental design used was randomized blocks, arranged in a 2 × 4 factorial scheme, with four replicates and four plants per plot. Increase in salinity of irrigation water reduced the growth, gas exchange, and production of melon plants. However, H2 O2 , at a concentration of 6.35 µmol L-1, yielded improvements in physiology, growth, and production, in addition to reducing the deleterious effects of saline stress on melon production. Key words: Cucumis melo L., physiology, saline water
520 _a RESUMO: No semiárido do Nordeste brasileiro as condições edafoclimáticas podem favorecer riscos de salinização do solo, principalmente quando se utiliza água de má qualidade para irrigação. Nesse contexto, técnicas que possibilitem melhorias nos rendimentos da cultura do melão em condições adversas, como a salinidade, são, portanto, de grande relevância para o setor produtivo. Logo, o objetivo deste estudo foi avaliar a eficácia do peróxido de hidrogênio (H2 O2) na aclimatação do meloeiro submetido a diferentes níveis salinos na água de irrigação. Os tratamentos consistiram de duas condutividades elétricas da água de irrigação (0,3 e 5,0 dS m-1) e quatro concentrações de H2 O2 (0, 5, 10 e 15 µmol L-1). O delineamento experimental utilizado foi o de blocos casualizados, em esquema fatorial 2 × 4, com quatro repetições e quatro plantas por parcela. O aumento da salinidade da água de irrigação reduz o crescimento, as trocas gasosas e a produção do meloeiro. No entanto, o H2 O2, na concentração de 6,35 µmol L-1 proporcionou melhorias na fisiologia, crescimento e produção, além de reduzir os efeitos deletérios do estresse salino na produção de melão. Palavras-chave: Cucumis melo L., fisiologia, água salina
650 _aMELÃO
650 _aIRRIGAÇÃO
650 _aSALINIDADE
650 _aNORDESTE
650 _aCONDIÇÃO AMBIENTAL
650 _aFISIOLOGIA VEGETAL
650 _aTROCA GASOSA
773 0 _03534
_9317829
_dCampina Grande-PB Universidade Federal de Campina Grande. Centro de Ciências e Tecnologia 1997
_o2024-4548
_tRevista Brasileira de Engenharia Agrícola e Ambiental (Brazil)
_x1415-4366
_gv. 27 (1) p. 51-56; (2023)
_wBR2025001446
856 _uhttps://www.scielo.br/j/rbeaa/a/Q89NXV4HMmgh8Wt6nfY3pwP/?format=pdf&lang=en
942 _cANA
999 _c332009
_d332009